000
00269nam a22001217a 4500
082
_a
920
_b
RAO/W
100
_a
RAO,L.S SESHAGIRI
245
_a
WILLIAM SHAKESPEARE
260
_a
BANGALORE
_b
SAPNA BOOK HOUSE
300
_a
46
650
_a
BIOGRAPHY
_z
BANGALORE
942
_c
BK
999
_c
6234
_d
6234